00510nam a22001457a 4500020001800000082001400018100001900032245007100051260006000122300000800182650003300190942000700223952011700230999001700347 a9780802824301 a225.6 EPP aEpp, Eldon Jay aStudies in the Theory and Method of New Testament Textual Criticsm aMichiganbWilliam B. Eerdmans Publicshing Companyc1993 a414 aBible New Testament-Chricism cBK 00104070aHMIbHMId2015-09-09eDr. Andreas D' souzag0.00l0o225.6 EPPp11-2444r2015-09-09w2026-01-16yGSB c19694d19694